| 000 | 00777cam a2200217 4500 | ||
|---|---|---|---|
| 001 | ABS66261 | ||
| 008 | 021217n2002 000 0 eng u | ||
| 035 | _a(Sirsi) u120805 | ||
| 100 | _aSmit, J | ||
| 245 | _aSecond chance | ||
| 260 | _c2002 | ||
| 490 |
_aHousing Today _v (309) 14 November 2002, 26-29(4) |
||
| 520 | _aReport on two successful conversion schemes, where empty commercial space has been transformed into social housing. Includes a quick guide to the process of how to refurbish empty properties with the private sector. | ||
| 590 | _aABS | ||
| 650 | _aBUILT ENVIRONMENT-BUILDING MAINTENANCE AND REFURBISHMENT | ||
| 650 | _aPRIVATE SECTOR | ||
| 650 | _aCONVERSIONS | ||
| 690 |
_aAffordable housing _96215 |
||
| 700 | _aPowell Davies, M | ||
| 942 | _n0 | ||
| 999 |
_c71786 _d71786 |
||